Diseño y construcción de un sistema de generación para viviendas rurales
Gespeichert in:
| 1. Verfasser: | |
|---|---|
| Format: | Unbekannt |
| Veröffentlicht: |
[San José, Costa Rica]
1978
|
| Tags: |
Tag hinzufügen
Keine Tags, Fügen Sie den ersten Tag hinzu!
|
MARC
| LEADER | 00000 a2200000 4500 | ||
|---|---|---|---|
| 003 | 011303 | ||
| 005 | 20221231143814.0 | ||
| 008 | 140114s1978 c a m 000 ||s d | ||
| 040 | |c cru CEDI | ||
| 090 | |a TFG 364 | ||
| 100 | |a Moreira Ramírez, Luis Gustavo |9 17823 | ||
| 245 | |a Diseño y construcción de un sistema de generación para viviendas rurales | ||
| 260 | |c 1978 |a [San José, Costa Rica] | ||
| 300 | |a 76 hojas ;ilustraciones | ||
| 500 | |a A la Cabeza de la portada. Universidad de Costa Rica. Facultad de Ingeniería. Escuela de Ingeniería Eléctrica. Laboratorio Proyecto Eléctrico 1 IE-502 | ||
| 942 | |c TFG | ||
| 999 | |c 12259 |d 12259 | ||
